<?xml version="1.0" encoding="UTF-8"?>
<record
    xmlns:xsi="http://www.w3.org/2001/XMLSchema-instance"
    xsi:schemaLocation="http://www.loc.gov/MARC21/slim http://www.loc.gov/standards/marcxml/schema/MARC21slim.xsd"
    xmlns="http://www.loc.gov/MARC21/slim">

  <leader>01258nam a2200313 a 4500</leader>
  <controlfield tag="003">DO-SdBNP</controlfield>
  <controlfield tag="005">20220321133309.0</controlfield>
  <controlfield tag="007">ta</controlfield>
  <controlfield tag="008">210709e2018    dr a|||grc||| 00| 0 spa d</controlfield>
  <datafield tag="040" ind1=" " ind2=" ">
    <subfield code="a">Do-SdBNP</subfield>
    <subfield code="b">spa</subfield>
    <subfield code="c">BNPHU</subfield>
  </datafield>
  <datafield tag="041" ind1=" " ind2=" ">
    <subfield code="d">spa</subfield>
    <subfield code="d">eng</subfield>
    <subfield code="h">spa</subfield>
  </datafield>
  <datafield tag="082" ind1=" " ind2="4">
    <subfield code="2">22</subfield>
    <subfield code="b">T266j</subfield>
  </datafield>
  <datafield tag="100" ind1="1" ind2=" ">
    <subfield code="9">44123</subfield>
    <subfield code="a">Tejada, Julio</subfield>
    <subfield code="d">1971 -</subfield>
  </datafield>
  <datafield tag="245" ind1="1" ind2="0">
    <subfield code="a">Juegos de transparencias /</subfield>
    <subfield code="c">Julio Tejada ; Textos y coordinaci&#xF3;n, Marianne de Tolentino, Jos&#xE9; Rafael  Vargas, Julio Tejada; Fotograf&#xED;as, Julio Fern&#xE1;ndez, ; Traductora, Clara Engelmann .</subfield>
  </datafield>
  <datafield tag="260" ind1=" " ind2=" ">
    <subfield code="a">Santo Domingo :</subfield>
    <subfield code="b">Galer&#xED;a Nacional de Bellas Artes,</subfield>
    <subfield code="c">2018</subfield>
  </datafield>
  <datafield tag="300" ind1=" " ind2=" ">
    <subfield code="a">[37] p. :</subfield>
    <subfield code="b">il.;</subfield>
    <subfield code="c">23 cm.</subfield>
  </datafield>
  <datafield tag="500" ind1=" " ind2=" ">
    <subfield code="a">Incluye datos biogr&#xE1;ficos del autor en ingl&#xE9;s, p. [39], en espa&#xF1;ol, p.[40]</subfield>
  </datafield>
  <datafield tag="546" ind1=" " ind2=" ">
    <subfield code="a">Libro con traducci&#xF3;n al ingl&#xE9;s.</subfield>
  </datafield>
  <datafield tag="590" ind1=" " ind2=" ">
    <subfield code="a">Inventariado 2021/MF</subfield>
  </datafield>
  <datafield tag="600" ind1=" " ind2="4">
    <subfield code="9">81351</subfield>
    <subfield code="a">Tejada, Julio</subfield>
    <subfield code="d">1971</subfield>
  </datafield>
  <datafield tag="650" ind1=" " ind2="4">
    <subfield code="9">369</subfield>
    <subfield code="a">Arte dominicano</subfield>
    <subfield code="v">Cat&#xE1;logos</subfield>
  </datafield>
  <datafield tag="650" ind1=" " ind2="4">
    <subfield code="9">368</subfield>
    <subfield code="a">Pintura dominicana</subfield>
    <subfield code="v">Cat&#xE1;logos</subfield>
  </datafield>
  <datafield tag="700" ind1="1" ind2=" ">
    <subfield code="9">73333</subfield>
    <subfield code="a">Tolentino, Marianne de,</subfield>
    <subfield code="d">1951-</subfield>
    <subfield code="e">textos y coord.</subfield>
  </datafield>
  <datafield tag="700" ind1="1" ind2=" ">
    <subfield code="a">Vargas, Jos&#xE9; Rafael,</subfield>
    <subfield code="e">texto</subfield>
    <subfield code="9">23148</subfield>
    <subfield code="d">1956-</subfield>
  </datafield>
  <datafield tag="700" ind1="1" ind2=" ">
    <subfield code="a">Tejada, Julio</subfield>
    <subfield code="e">texto</subfield>
    <subfield code="9">81351</subfield>
  </datafield>
  <datafield tag="700" ind1="1" ind2=" ">
    <subfield code="a">Fern&#xE1;ndez , Julio , </subfield>
    <subfield code="e">fotogr.</subfield>
    <subfield code="9">79174</subfield>
  </datafield>
  <datafield tag="700" ind1="1" ind2=" ">
    <subfield code="a">Engelmann , Clara</subfield>
    <subfield code="e">trad.</subfield>
    <subfield code="9">79175</subfield>
  </datafield>
  <datafield tag="942" ind1=" " ind2=" ">
    <subfield code="2">ddc</subfield>
    <subfield code="c">LBS1</subfield>
  </datafield>
  <datafield tag="952" ind1=" " ind2=" ">
    <subfield code="0">0</subfield>
    <subfield code="1">0</subfield>
    <subfield code="2">ddc</subfield>
    <subfield code="5">1</subfield>
    <subfield code="7">1</subfield>
    <subfield code="8">PD</subfield>
    <subfield code="a">BNPHU</subfield>
    <subfield code="b">PD</subfield>
    <subfield code="c">HD</subfield>
    <subfield code="d">2018-06-10</subfield>
    <subfield code="e">Donado por Palacio de Bellas Artes</subfield>
    <subfield code="l">0</subfield>
    <subfield code="o">T266j</subfield>
    <subfield code="p">2021-25053</subfield>
    <subfield code="r">2021-07-09</subfield>
    <subfield code="w">2021-07-09</subfield>
    <subfield code="y">LFPD</subfield>
  </datafield>
  <datafield tag="952" ind1=" " ind2=" ">
    <subfield code="0">0</subfield>
    <subfield code="1">0</subfield>
    <subfield code="2">ddc</subfield>
    <subfield code="5">1</subfield>
    <subfield code="7">2</subfield>
    <subfield code="8">PD</subfield>
    <subfield code="a">BNPHU</subfield>
    <subfield code="b">PD</subfield>
    <subfield code="c">HD</subfield>
    <subfield code="d">2018-06-10</subfield>
    <subfield code="e">Donado por Palacio de Bellas Artes</subfield>
    <subfield code="l">0</subfield>
    <subfield code="o">T266j</subfield>
    <subfield code="p">2021-25054</subfield>
    <subfield code="r">2021-07-09</subfield>
    <subfield code="t">e.2</subfield>
    <subfield code="w">2021-07-09</subfield>
    <subfield code="y">LFPD</subfield>
  </datafield>
  <datafield tag="952" ind1=" " ind2=" ">
    <subfield code="0">0</subfield>
    <subfield code="1">0</subfield>
    <subfield code="2">ddc</subfield>
    <subfield code="5">6</subfield>
    <subfield code="7">0</subfield>
    <subfield code="8">DS</subfield>
    <subfield code="a">BNPHU</subfield>
    <subfield code="b">GR</subfield>
    <subfield code="c">HD</subfield>
    <subfield code="d">2018-06-10</subfield>
    <subfield code="e">Donado por Palacio de Bellas Artes</subfield>
    <subfield code="l">0</subfield>
    <subfield code="o">T266j</subfield>
    <subfield code="p">2021-25055</subfield>
    <subfield code="r">2021-07-09</subfield>
    <subfield code="t">e.3</subfield>
    <subfield code="w">2021-07-09</subfield>
    <subfield code="y">LFDS</subfield>
  </datafield>
  <datafield tag="999" ind1=" " ind2=" ">
    <subfield code="c">50084</subfield>
    <subfield code="d">50084</subfield>
  </datafield>
</record>
